Conservation of oil and gas in North Dakota, (Record no. 29464)
[ view plain ]
| 000 -LEADER | |
|---|---|
| fixed length control field | 00973cam a22002531 4500 |
| 001 - CONTROL NUMBER | |
| control field | gs 60000231 |
| 003 - CONTROL NUMBER IDENTIFIER | |
| control field | DLC |
| 005 - DATE AND TIME OF LATEST TRANSACTION | |
| control field | 20260227111409.0 |
| 008 - FIXED-LENGTH DATA ELEMENTS--GENERAL INFORMATION | |
| fixed length control field | 790424s1960 ndu b s000 0 eng c |
| 010 ## - LIBRARY OF CONGRESS CONTROL NUMBER | |
| LC control number | gs 60000231 |
| 035 ## - SYSTEM CONTROL NUMBER | |
| System control number | (OCoLC)4888992 |
| 040 ## - CATALOGING SOURCE | |
| Original cataloging agency | U.S. Geol. Survey. Libr. |
| Transcribing agency | MnMohC |
| Modifying agency | DLC |
| 043 ## - GEOGRAPHIC AREA CODE | |
| Geographic area code | n-us-nd |
| 050 00 - LIBRARY OF CONGRESS CALL NUMBER | |
| Classification number | KFN8858.A1 |
| Item number | S8 |
| 100 1# - MAIN ENTRY--PERSONAL NAME | |
| Personal name | Sullivan, Robert E. |
| Fuller form of name | (Robert Edwin), |
| Dates associated with a name | 1917- |
| 245 10 - TITLE STATEMENT | |
| Title | Conservation of oil and gas in North Dakota, |
| Remainder of title | a legal history 1948-1958. |
| 260 ## - PUBLICATION, DISTRIBUTION, ETC. | |
| Place of publication, distribution, etc. | Grand Forks, |
| Date of publication, distribution, etc. | 1960. |
| 300 ## - PHYSICAL DESCRIPTION | |
| Extent | 12 p. |
| Dimensions | 23 cm. |
| 410 20 - SERIES STATEMENT/ADDED ENTRY--CORPORATE NAME [OBSOLETE, CAN/MARC], [LOCAL, USA] | |
| Corporate name or jurisdiction name as entry element | North Dakota Geological Survey. |
| Title of a work | Bulletin |
| Volume number/sequential designation | 33 |
| 500 ## - GENERAL NOTE | |
| General note | "Excerpts from a book [with same title, published 1959] prepared at the direction of the Mineral and Natural Resources Law Section of the American Bar Association." |
| 504 ## - BIBLIOGRAPHY, ETC. NOTE | |
| Bibliography, etc. note | Bibliographical footnotes. |
| 650 #0 - SUBJECT ADDED ENTRY--TOPICAL TERM | |
| Topical term or geographic name entry element | Petroleum law and legislation |
| Geographic subdivision | North Dakota. |
| 650 #0 - SUBJECT ADDED ENTRY--TOPICAL TERM | |
| Topical term or geographic name entry element | Natural gas |
| General subdivision | Law and legislation |
| Geographic subdivision | North Dakota. |
No items available.